000 02256pab a2200181 454500
008 180718b1996 xxu||||| |||| 00| 0 eng d
100 _aAikman, Alexander B.
245 _aTQM in the courts: maybe so, maybe not
260 _c1996
300 _ap.1865-890
520 _aCourts are prime candidates for the application of Total Quality Management (TQM) but also difficult settings in which to implement it. The leadership structure of courts discourages strong leadership but also requires negotiation and mediation to install new programs, so an effective chief judge can bring most of the governing body--the other judges--along when a decision is made to adopt TQM. As turnover on the bench is slow, the governing body remains throughout the period needed to institutionalize TQM. Courts already have a valuable and useful tool for thinking about "customers" and using data effectively in the Trial Court Performance Standards. Courts have been slow to adopt TQM to date, but there i s growing interest and several leadership courts using TQM to improve various court functions. Courts' work mostly is processed in assembly-line fashion; using TQM's principles can help courts improve productivity, recognize and respond to customer needs more readily, and generally be better able to obtain taxpayer support. The courts are at once prime candidates for Total Quality Management (TQM) and a setting in which TQM is a hard sell. This article will explore why both elements of this statement are true. Acknowledging the difficulties, this article nonetheless concludes that TQM can and should be sold and that the courts will be better for the effort. Most Americans do not understand how courts work. Even less do they understand how courts are managed or why courts should involve any different management issues from other public agencies. To understand both the difficulties in having TQM accepted in courts and the fertile ground they offer, it may help to explore briefly the management context. - Reproduced
650 _aJudiciary - United States
650 _aTotal quality management - United States
650 _aTotal quality management
650 _aCourts
773 _aInternational Journal of Public Administration
909 _a32051
999 _c32051
_d32051